000 02170nam a2200445Ka 4500
001 820730522
003 OCoLC
005 20250731173557.0
008 121210s2012 xx b 000 0 eng d
020 _a9781936929054
020 _a1936929058
035 _a(OCoLC)820730522
040 _aEXN
_cEXN
049 _aEXNH
_aEXNS
082 _223
_a251
_bM875p
090 _aBV4211.3
_b.M677 2012
100 1 _aMorris, Derek John,
_d1954-
245 1 0 _aPowerful biblical preaching :
_bpractical pointers from master preachers /
_cDerek J. Morris.
250 _aEdición revisada y expandida
260 _cc2012.
264 _a[Silver Spring , MD] :
_b[General Conference. Ministerial Association os Seventh-day Adventist],
_c2005.
300 _a202 páginas ;
_c23 centímetros.
504 _aIncluye referencias bibliográficas (p. 199 - 202)
505 _aPractical Pointers from the Preaching Ministry of Jesus-- Developing a Working Methodology -- Called to Preach -- Preaching Out of the Overfiow -- Prayer-Saturated Preaching -- The Witness of Preaching -- Preaching with Prophetic Passion -- Bullets or Buckshot -- Inductive Preaching -- Preaching Christian Doctrine -- Marketplace Preaching -- Celebration and Experience in Preaching -- Preaching that Turns the World Upside Down – Embracing the Next Generation -- Evangelistic Preaching -- Prophetic Preaching -- Reaching the Secular Mind -- Sequence Preaching -- First-Person Narrative Preaching -- The Art of Double Listening -- Unleashing Your Congregation's Creativity -- Learning from the Marketplace -- Preaching Effectively Without Notes -- Feedback and Evaluation -- Planning Your Preaching Calendar A -- How to Care For Your Voice.
526 _aSEG42
526 _aSEG41
526 _aSEG40
526 _aSEG39
526 _aP94
526 _aP87
526 _aP86
526 _aP85
526 _aP77
526 _aP76
526 _aP35
650 0 _aPredicación
_9949
942 _2ddc
_cBK
_n0
980 _618226
_aJaime Vilcazán Jefe de Análisis Documental
_81
_gALBERTO SANCHEZ Responsable de Automatización
999 _c61714
_d61714